000 00663nam a2200241 a 4500
005 20210219153016.0
008 991125n 000 0 eng u
035 _aUPN01000072915
100 _aMcCloskey, Gary N.
222 _aEDUCATIONAL POLICY
245 _aDisincentives to teaching : teacher reactions to legislated learning
300 _a251-265
362 _a1991 5, no. 3
653 0 _aCAMBIO EDUCATIVO
653 0 _aCENTRALIZACION
653 0 _aINCENTIVOS
653 0 _aLEGISLACION ESTATAL
653 0 _aRESPUESTA DEL MAESTRO
700 _aProvenza, Eugene F.
700 _aCohn, Marilyn M.
904 _aAC
_b010726
905 _aArticulo
999 _c66167
_d66167